Normal view
MARC view
Entry Personal Name
001 - CONTROL NUMBER
- control field: 162132
003 - CONTROL NUMBER IDENTIFIER
- control field: OSt
005 - DATE AND TIME OF LATEST TRANSACTION
- control field: 20220923212118.0
008 - FIXED-LENGTH DATA ELEMENTS
- fixed length control field: 220923|| aca||aabn | a|a d
040 ## - CATALOGING SOURCE
- Original cataloging agency: OSt
- Transcribing agency: OSt
100 ## - HEADING--PERSONAL NAME
- Personal name: शुक्ल, जगन्नाथप्रसाद
670 ## - SOURCE DATA FOUND
- Source citation: Work cat.: (OSt)306451: शुक्ल, जगन्नाथप्रसाद, ऊर्ध्वाग चिकित्सा भ 2 कर्णरोेग विज्ञान तथा भ 3 नासारोग विज्ञान, 1950
